<?xml version="1.0" encoding="UTF-8"?>
<record
    xmlns:xsi="http://www.w3.org/2001/XMLSchema-instance"
    xsi:schemaLocation="http://www.loc.gov/MARC21/slim http://www.loc.gov/standards/marcxml/schema/MARC21slim.xsd"
    xmlns="http://www.loc.gov/MARC21/slim">

  <leader>00353nam a22001457a 4500</leader>
  <datafield tag="999" ind1=" " ind2=" ">
    <subfield code="c">8881</subfield>
    <subfield code="d">8881</subfield>
  </datafield>
  <controlfield tag="003">OSt</controlfield>
  <controlfield tag="008">200713b           ||||| |||| 00| 0 eng d</controlfield>
  <datafield tag="100" ind1=" " ind2=" ">
    <subfield code="a">Gokhale , S.B</subfield>
  </datafield>
  <datafield tag="245" ind1=" " ind2=" ">
    <subfield code="a">Text Book of Pharmacognosy and Phytochemistry-1</subfield>
  </datafield>
  <datafield tag="250" ind1=" " ind2=" ">
    <subfield code="a">2nd,2019</subfield>
  </datafield>
  <datafield tag="260" ind1=" " ind2=" ">
    <subfield code="a">New Delhi</subfield>
    <subfield code="b">Nirali</subfield>
  </datafield>
  <datafield tag="300" ind1=" " ind2=" ">
    <subfield code="a">Misc</subfield>
  </datafield>
  <datafield tag="650" ind1=" " ind2=" ">
    <subfield code="a">Pharmacognosy</subfield>
  </datafield>
  <datafield tag="942" ind1=" " ind2=" ">
    <subfield code="2">ddc</subfield>
    <subfield code="c">BK</subfield>
    <subfield code="0">6</subfield>
  </datafield>
  <datafield tag="952" ind1=" " ind2=" ">
    <subfield code="0">0</subfield>
    <subfield code="1">0</subfield>
    <subfield code="2">ddc</subfield>
    <subfield code="4">0</subfield>
    <subfield code="7">0</subfield>
    <subfield code="8">BP</subfield>
    <subfield code="a">PIET</subfield>
    <subfield code="b">PIET</subfield>
    <subfield code="d">2020-02-13</subfield>
    <subfield code="e">Kirti Prakashan</subfield>
    <subfield code="f">Rupees</subfield>
    <subfield code="g">230.00</subfield>
    <subfield code="k">IN6397</subfield>
    <subfield code="l">16</subfield>
    <subfield code="o">615.321 GOT</subfield>
    <subfield code="p">BP1408</subfield>
    <subfield code="r">2026-05-26 10:51:40</subfield>
    <subfield code="s">2026-05-20</subfield>
    <subfield code="v">170.20</subfield>
    <subfield code="w">2020-02-13</subfield>
    <subfield code="y">BK</subfield>
  </datafield>
  <datafield tag="952" ind1=" " ind2=" ">
    <subfield code="0">0</subfield>
    <subfield code="1">0</subfield>
    <subfield code="2">ddc</subfield>
    <subfield code="4">0</subfield>
    <subfield code="7">0</subfield>
    <subfield code="8">BP</subfield>
    <subfield code="a">PIET</subfield>
    <subfield code="b">PIET</subfield>
    <subfield code="d">2020-02-13</subfield>
    <subfield code="e">Kirti Prakashan</subfield>
    <subfield code="f">Rupees</subfield>
    <subfield code="g">230.00</subfield>
    <subfield code="k">IN6397</subfield>
    <subfield code="l">8</subfield>
    <subfield code="o">615.321 GOT</subfield>
    <subfield code="p">BP1409</subfield>
    <subfield code="q">2024-10-07</subfield>
    <subfield code="r">2024-09-23 00:00:00</subfield>
    <subfield code="s">2024-09-23</subfield>
    <subfield code="v">170.20</subfield>
    <subfield code="w">2020-02-13</subfield>
    <subfield code="y">BK</subfield>
  </datafield>
  <datafield tag="952" ind1=" " ind2=" ">
    <subfield code="0">0</subfield>
    <subfield code="1">0</subfield>
    <subfield code="2">ddc</subfield>
    <subfield code="4">0</subfield>
    <subfield code="7">0</subfield>
    <subfield code="8">BP</subfield>
    <subfield code="a">PIET</subfield>
    <subfield code="b">PIET</subfield>
    <subfield code="d">2020-02-13</subfield>
    <subfield code="e">Kirti Prakashan</subfield>
    <subfield code="f">Rupees</subfield>
    <subfield code="g">230.00</subfield>
    <subfield code="k">IN6397</subfield>
    <subfield code="l">12</subfield>
    <subfield code="o">615.321 GOT</subfield>
    <subfield code="p">BP1410</subfield>
    <subfield code="r">2026-02-24 00:00:00</subfield>
    <subfield code="s">2026-02-06</subfield>
    <subfield code="v">170.20</subfield>
    <subfield code="w">2020-02-13</subfield>
    <subfield code="y">BK</subfield>
  </datafield>
</record>
